000 01385nam a2200349 a 4500
999 _c191605
_d191605
003 BLK
005 20250505090628.0
008 180411b bul|||||r ||||||| ||bul||
010 _aKNG00200766000
020 _a954-8051-07-9
040 _aBLK
041 _aBUL
_cBUL
080 _aАнглийска литература
_b821.111
_x-312.4
_z821.111-312.4
100 1 _aЧейс, Джеймс Хадли
_eпърви автор
_9369710
139 _aЧейс, Джеймс Хадли
_bЧ 49
245 1 0 _aДвойно разбъркване
_b[Кримин. роман]
_cДжеймс Хадли Чейс; прев. от англ. Георги Георгиев.
257 _aGBR
260 _aСофия
_bПионер Ананда
_c1992
300 _a200 с.
_c20 см
380 _aX
500 _aОриг. загл. Double Shuffle / James Hadley Chase. - Офс. изд. - 20 000 тир.
653 _aкрими
653 _aромани
700 1 _aГеоргиев, Георги
_eпрев. от англ.
_gСтоянов, Георги Георгиев
_9363547
852 _aЦб 171099
_bЦб
856 4 _qpdf
_i0.00
_ldisable
856 4 _qpdf
_i0.00
_ldisable
942 _cKNG
_n0
_07
_s1
944 _aCR
_c13.02.2017
_lРадостина Карадакова
_k30534
944 _aED
_c11.05.2017
_lф /
_kЛюдмила_Стоянова
999 _d191605